Nghiên cứu phương trình sóng Kirchhoff phi tuyến có điều kiện biên Dirichlet thuần nhất : Chuyên ngành: Toán giải tích

Đề tài gồm 5 chương: Chứng minh sự tồn tại và duy nhất nghiệm yếu bằng thuật giải lặp hội tụ mạnh cấp một về nghiệm của bài toán trong một không gian hàm thích hợp; Thiết lập một thuật giải lặp cấp hai hội tụ mạnh về nghiệm của...

Deskribapen osoa

Gorde:
Xehetasun bibliografikoak
Egile nagusia: Hồ, Bình Phú
Formatua: Liburua
Hizkuntza:Undetermined
Argitaratua: Cần Thơ Trường Đại học Cần Thơ 2010
Gaiak:
Etiketak: Etiketa erantsi
Etiketarik gabe, Izan zaitez lehena erregistro honi etiketa jartzen!
Thư viện lưu trữ: Trung tâm Học liệu Trường Đại học Cần Thơ
LEADER 01310nam a2200217Ia 4500
001 CTU_154401
008 210402s9999 xx 000 0 und d
082 |a 515 
082 |b Ph500 
088 |a 604601 
100 |a Hồ, Bình Phú 
245 0 |a Nghiên cứu phương trình sóng Kirchhoff phi tuyến có điều kiện biên Dirichlet thuần nhất : 
245 0 |b Chuyên ngành: Toán giải tích 
245 0 |c Hồ Bình Phú ; Hướng dẫn khoa học: Trần Minh Thuyết 
260 |a Cần Thơ 
260 |b Trường Đại học Cần Thơ 
260 |c 2010 
520 |a Đề tài gồm 5 chương: Chứng minh sự tồn tại và duy nhất nghiệm yếu bằng thuật giải lặp hội tụ mạnh cấp một về nghiệm của bài toán trong một không gian hàm thích hợp; Thiết lập một thuật giải lặp cấp hai hội tụ mạnh về nghiệm của bài toán trên cùng không gian hàm nói trên; Nghiên cứu khai triển tiệm cận của bài toán nhiễu theo một tham số bé;... 
650 |a Mathematical analysis 
904 |i Giang 
980 |a Trung tâm Học liệu Trường Đại học Cần Thơ